000 00537 a2200157 4500
020 _a0-7356-1879-8
040 _aDLC
082 0 0 _a005.1
100 _a Wiegers, Karl Eugene
245 1 0 _aSoftware requirements : practical techniques for gathering and managing requirements throughout the product development cycle
_cKarl E. Wiegers.
250 _a2nd ed.
260 _aRedmond, Wash. :
_bMicrosoft Press,
_c2003.
300 _axix, 516 p. :
_bill. ;
_c23 cm.
650 0 _aComputer software
_xDevelopment.
942 _cBK
_k005.1 WIE
_2ddc
999 _c10885
_d10885